| 000 | 00406pab a2200145 454500 | ||
|---|---|---|---|
| 008 | 180718b1998 xxu||||| |||| 00| 0 eng d | ||
| 100 | _aAnderson, Daniel R. | ||
| 245 | _aEducational television is not an oxymoron | ||
| 260 | _c1998 | ||
| 300 | _ap.24-38 | ||
| 362 | _aMay | ||
| 650 | _aEducational television | ||
| 773 | _aAnnals of the American Academy of Political and Social Science | ||
| 909 | _a38951 | ||
| 999 |
_c38951 _d38951 |
||